| 000 | 00438nam a2200169 a 4500 | ||
|---|---|---|---|
| 020 | _a2225642400 : | ||
| 040 | _cDLC | ||
| 082 | 0 | 0 | _a595 MAS 1980 A061 Or. |
| 100 | 2 | _aRaccaud-Schoeller, J. | |
| 245 | 1 | 4 |
_aLes insectes : _bphysiologie, développement / |
| 260 |
_aParis ; _aNew York : _bMasson, _c1980. |
||
| 300 |
_aix, 296 p. : _bill. ; _c24 cm. |
||
| 500 | _aIncludes index. | ||
| 650 | 0 | _aInsects | |
| 650 | 0 | _aInsects | |
| 942 | _cFB | ||
| 999 |
_c14649 _d14649 |
||